| 000 | 00719cam a2200241 a 4500 | ||
|---|---|---|---|
| 001 | 1996582 | ||
| 005 | 20180208070300.0 | ||
| 008 | 900501s1991 mdua b 001 0 eng c | ||
| 010 | _a 90012509 | ||
| 020 | _a0683068709 | ||
| 040 |
_aDNLM/DLC _cDLC _dDLC |
||
| 041 | _aeng | ||
| 060 | _aWM 475 P483s | ||
| 080 | _a616.8554 pet | ||
| 082 | 0 | 0 |
_a616.8554 pet _220 |
| 100 | 1 | _a3 | |
| 101 | _ashm | ||
| 245 | 1 | 0 |
_aStuttering, an integrated approach to its nature and treatment / _cTheodore J. Peters, Barry Guitar. |
| 504 | _aIncludes bibliographical references (p. 355-367) and indexes. | ||
| 906 |
_a7 _bcbc _corignew _d1 _eocip _f19 _gy-gencatlg |
||
| 942 |
_2ddc _cBK |
||
| 999 |
_c42136 _d42136 |
||